000 00306nam a22001337a 4500
008 170606b xxu||||| |||| 00| 0 eng d
020 _a0080331580
041 _aeng
080 _22ND
_a94(7/8)
100 _a18
101 _aSHH
245 _aCUBA FROM COLUMBUS TO CASTRO
_cSUCHLICKI,J
942 _2udc
_cBK
999 _c16049
_d16049